000 00582nam a2200193Ia 4500
003 GCL
008 140319s9999 xx 000 0 ara d
040 _aGCL /
_cGCL
082 0 4 _a348.02
_bف ط
100 1 _aفؤاد احمد عامر
245 1 0 _aطرق الطعن فى احكام مجلس الدولة /
_cفؤاد احمد عامر
260 _a[S.N] :
_bدار محمود للنشر والتوزيع ،
_c1990
300 _a229 ص
490 _a
650 0 4 _aالقانون
650 0 4 _aقوانين وتشريعات
650 0 4 _aالمحاكم
942 _2ddc
_cBK
999 _c41803
_d41803